[Event "CZE-ch U12 Girls"]
[Site "Sec u Chrudimi"]
[Date "2008.03.14"]
[Round "8"]
[White "Sroubova, Lenka"]
[Black "Cemusova, Nikola"]
[Result "0-1"]
[WhiteElo "1000"]
[BlackElo "1100"]
[PlyCount "84"]
[EventDate "2008.03.08"]
[EventType "swiss"]
[EventRounds "9"]
[EventCountry "CZE"]
[SourceTitle "EXT 2009"]
[Source "ChessBase"]
[SourceDate "2008.11.26"]
[SourceVersion "1"]
[SourceVersionDate "2008.11.26"]
[SourceQuality "1"]

1. e4 e5 2. Nf3 Nc6 3. Bb5 d6 4. 0-0 Bd7 5. Bxc6 Bxc6 6. Re1 Nf6 7. Nc3 Be7 8. d4 0-0 9. d5 Bd7 10. Bg5 Bg4 11. Qe2 h6 12. Be3 Nh5 13. h3 Bd7 14. Nxe5 Nf6 15. Nxd7 Qxd7 16. Rad1 c6 17. dxc6 Qxc6 18. Bf4 Rad8 19. e5 Ne8 20. exd6 Bxd6 21. Bxd6 Nxd6 22. Qf3 Qxf3 23. gxf3 Nc4 24. Rxd8 Rxd8 25. b3 Nd2 26. Re7 Nxf3+ 27. Kg2 Nd4 28. Rxb7 a6 29. Ra7 Rd6 30. f4 Nxc2 31. Ne4 Rg6+ 32. Kf3 Nd4+ 33. Ke3 Nc2+ 34. Kd2 Rg2+ 35. Kc3 Ne3 36. Rxa6 Nd5+ 37. Kc4 Nxf4 38. b4 Nxh3 39. b5 Rg4 40. Kd5 Nf4+ 41. Ke5 Nd3+ 42. Kf5 Rf4# 0-1

[Event "CZE-ch U12 Girls"]
[Site "Sec u Chrudimi"]
[Date "2008.03.13"]
[Round "7"]
[White "Cemusova, Nikola"]
[Black "Blechova, Lenka"]
[Result "0-1"]
[WhiteElo "1100"]
[BlackElo "1250"]
[PlyCount "114"]
[EventDate "2008.03.08"]
[EventType "swiss"]
[EventRounds "9"]
[EventCountry "CZE"]
[SourceTitle "EXT 2009"]
[Source "ChessBase"]
[SourceDate "2008.11.26"]
[SourceVersion "1"]
[SourceVersionDate "2008.11.26"]
[SourceQuality "1"]

1. e4 e5 2. Nf3 Nc6 3. Bc4 Bc5 4. c3 Nf6 5. d4 exd4 6. cxd4 Bb4+ 7. Nbd2 d6 8. 0-0 0-0 9. h3 h6 10. a3 Ba5 11. b4 Bb6 12. Bb2 a5 13. Qb3 Nh5 14. Bc3 Nf4 15. d5 Na7 16. bxa5 Bc5 17. e5 dxe5 18. Bxe5 Bd6 19. Qe3 Ng6 20. Bd3 Nxe5 21. Nxe5 Qf6 22. Ndc4 Bxe5 23. Nxe5 Re8 24. Rae1 c6 25. Qe4 g6 26. Re2 Bf5 27. Ng4 Qg5 28. Qxe8+ Rxe8 29. Rxe8+ Kg7 30. Bxf5 Qxf5 31. dxc6 Nxc6 32. Rd1 Qxa5 33. Rd3 Qb5 34. Rde3 Nd4 35. R8e5 Qc6 36. R3e4 Qd6 37. a4 Nc6 38. Rb5 Qd7 39. a5 Qd3 40. Reb4 Nxb4 41. Rxb4 Qa6 42. Ra4 b6 43. Ne5 bxa5 44. Nc4 Qb5 45. Rxa5 Qxc4 46. g3 Qe6 47. h4 Qe1+ 48. Kg2 Qxa5 49. f4 f5 50. Kf3 Kf6 51. g4 Qc3+ 52. Kf2 fxg4 53. f5 Qf3+ 54. Ke1 g3 55. h5 Qf2+ 56. Kd1 g2 57. Kc1 g1R# 0-1

[Event "CZE-ch U12 Girls"]
[Site "Sec u Chrudimi"]
[Date "2008.03.08"]
[Round "1"]
[White "Vlckova, Katerina"]
[Black "Cemusova, Nikola"]
[Result "1-0"]
[WhiteElo "1434"]
[BlackElo "1100"]
[PlyCount "107"]
[EventDate "2008.03.08"]
[EventType "swiss"]
[EventRounds "9"]
[EventCountry "CZE"]
[SourceTitle "EXT 2009"]
[Source "ChessBase"]
[SourceDate "2008.11.26"]
[SourceVersion "1"]
[SourceVersionDate "2008.11.26"]
[SourceQuality "1"]

1. e4 e5 2. Nf3 Nc6 3. Bc4 Bc5 4. c3 a6 5. d4 d6 6. Be3 Qe7 7. Nbd2 Be6 8. d5 Na5 9. dxe6 Nxc4 10. Nxc4 Bxe3 11. exf7+ Qxf7 12. Nxe3 Nf6 13. Qc2 Qg6 14. Nd2 0-0-0 15. 0-0-0 d5 16. exd5 Qxc2+ 17. Kxc2 c6 18. dxc6 bxc6 19. Nf3 Ne4 20. Nxe5 Nxf2 21. Rxd8+ Rxd8 22. Rf1 Re8 23. Rxf2 Rxe5 24. Kd2 Rb5 25. Nc4 Rd5+ 26. Kc2 h5 27. Rf5 Rxf5 28. Nd6+ Kc7 29. Nxf5 g6 30. Nh4 g5 31. Nf3 g4 32. Ne5 Kd6 33. Nxg4 hxg4 34. h3 gxh3 35. gxh3 Ke5 36. Kd3 Kf4 37. Kd4 Kg3 38. Kc5 Kxh3 39. Kxc6 Kg3 40. Kb7 Kf3 41. Kxa6 Ke4 42. Kb6 Kd3 43. a4 Kc2 44. a5 Kxb2 45. a6 Kxc3 46. a7 Kb4 47. a8Q Kc4 48. Qd8 Kc3 49. Qd5 Kb4 50. Qd4+ Kb3 51. Kb5 Kc2 52. Kb4 Kc1 53. Kb3 Kb1 54. Qb2# 1-0

[Event "CZE-ch U12 Girls"]
[Site "Sec u Chrudimi"]
[Date "2007.03.15"]
[Round "7"]
[White "Cemusova, Nikola"]
[Black "Adamcova, Lenka"]
[Result "0-1"]
[WhiteElo "1100"]
[BlackElo "1100"]
[PlyCount "98"]
[EventDate "2007.03.10"]
[EventType "swiss"]
[EventRounds "9"]
[EventCountry "CZE"]
[SourceTitle "EXT 2008"]
[Source "ChessBase"]
[SourceDate "2007.11.25"]
[SourceVersion "1"]
[SourceVersionDate "2007.11.25"]
[SourceQuality "1"]

1. e4 e5 2. Nc3 Nc6 3. Bc4 Nf6 4. d3 Bb4 5. Bd2 0-0 6. Nge2 d6 7. 0-0 Na5 8. Bb3 Bxc3 9. bxc3 d5 10. Ng3 Bg4 11. f3 Qc8 12. h3 Be6 13. Qe2 Nxb3 14. cxb3 Qe8 15. f4 exf4 16. Bxf4 Qc6 17. c4 Qc5+ 18. Be3 d4 19. Bf2 Rad8 20. Qf3 Qg5 21. Ne2 c5 22. Rad1 a6 23. a4 h6 24. Bg3 Nh5 25. Bh4 Qxh4 26. Kh2 Bg4 27. Qf2 Qxf2 28. Rxf2 Bxe2 29. Rxe2 Rfe8 30. Rf1 Rd7 31. Ref2 Nf6 32. Re1 g6 33. g4 Nh7 34. h4 Re6 35. Rg1 Rdd6 36. h5 gxh5 37. gxh5+ Ng5 38. Re1 Rb6 39. e5 Rxb3 40. Kg1 Rxd3 41. Kf1 Rb6 42. Rg2 Rbb3 43. e6 fxe6 44. Rxe6 Kf7 45. Rxh6 Rb1+ 46. Ke2 Re3+ 47. Kd2 Rb2+ 48. Kd1 Rxg2 49. Kc1 Re1# 0-1

[Event "CZE-ch U12 Girls"]
[Site "Sec u Chrudimi"]
[Date "2007.03.11"]
[Round "2"]
[White "Zavadilova, Karolina"]
[Black "Cemusova, Nikola"]
[Result "1-0"]
[WhiteElo "1405"]
[BlackElo "1100"]
[PlyCount "117"]
[EventDate "2007.03.10"]
[EventType "swiss"]
[EventRounds "9"]
[EventCountry "CZE"]
[SourceTitle "EXT 2008"]
[Source "ChessBase"]
[SourceDate "2007.11.25"]
[SourceVersion "1"]
[SourceVersionDate "2007.11.25"]
[SourceQuality "1"]

1. e4 e5 2. Nf3 d6 3. d4 Be7 4. dxe5 dxe5 5. Qxd8+ Bxd8 6. Nxe5 Nh6 7. Bxh6 gxh6 8. Bc4 Be6 9. Bxe6 fxe6 10. Nd2 Na6 11. 0-0-0 h5 12. Ndf3 Bf6 13. Rd3 Nc5 14. Rd2 Nxe4 15. Re2 Nc5 16. Nd4 Rd8 17. Rd1 Bg5+ 18. Kb1 Rd5 19. Nef3 Ke7 20. Nxg5 Rxg5 21. f4 Rd5 22. c3 Kf6 23. Rde1 Re8 24. Re5 Rxe5 25. Rxe5 b6 26. Rxh5 Nd3 27. g3 e5 28. fxe5+ Nxe5 29. Rxh7 Ng4 30. Rxc7 Re3 31. Rc6+ Ke5 32. Re6+ Kd5 33. Rxe3 Nxe3 34. h4 Ng4 35. h5 Nf6 36. h6 Nh7 37. g4 Kd6 38. Nf3 Ke6 39. g5 Kf7 40. Kc2 Kg6 41. Kd3 Nxg5 42. Nxg5 Kxh6 43. Ne6 Kg6 44. Kc4 a6 45. Nc7 a5 46. Kb5 Kf6 47. Kxb6 a4 48. c4 Ke7 49. c5 Kd7 50. c6+ Kc8 51. Nd5 a3 52. bxa3 Kb8 53. c7+ Kc8 54. Ne7+ Kd7 55. c8Q+ Kxe7 56. Qc6 Kd8 57. Qb7 Ke8 58. Kc6 Kd8 59. Qd7# 1-0

[Event "CZE-ch U12 Girls"]
[Site "Sec u Chrudimi"]
[Date "2007.03.10"]
[Round "1"]
[White "Cemusova, Nikola"]
[Black "Rohovska, Tereza"]
[Result "0-1"]
[WhiteElo "1100"]
[BlackElo "1389"]
[PlyCount "66"]
[EventDate "2007.03.10"]
[EventType "swiss"]
[EventRounds "9"]
[EventCountry "CZE"]
[SourceTitle "EXT 2008"]
[Source "ChessBase"]
[SourceDate "2007.11.25"]
[SourceVersion "1"]
[SourceVersionDate "2007.11.25"]
[SourceQuality "1"]

1. e4 e5 2. Nc3 Nc6 3. Bc4 Nf6 4. d3 Bb4 5. Bd2 0-0 6. Nge2 d6 7. 0-0 Bg4 8. h3 Bxe2 9. Nxe2 Bxd2 10. Qxd2 Ne7 11. f4 exf4 12. Qxf4 Ng6 13. Qe3 Re8 14. Nf4 Ne5 15. Qg3 Nxc4 16. Rae1 Ne5 17. Re3 Ng6 18. Qg5 Re5 19. Qg3 Qd7 20. c3 Rae8 21. d4 Rxe4 22. Rff3 h6 23. Nd3 Qe6 24. Nf2 Rxe3 25. Ng4 Rxf3 26. Qxf3 Nh4 27. Qf2 Nf5 28. Nh2 Ne4 29. Qc2 Neg3 30. Nf3 Qe3+ 31. Qf2 Ne2+ 32. Kf1 Nfg3+ 33. Ke1 Qc1# 0-1